<?xml version="1.0" encoding="UTF-8"?>
<record
    xmlns:xsi="http://www.w3.org/2001/XMLSchema-instance"
    xsi:schemaLocation="http://www.loc.gov/MARC21/slim http://www.loc.gov/standards/marcxml/schema/MARC21slim.xsd"
    xmlns="http://www.loc.gov/MARC21/slim">

  <leader>00990nam a2200205 a 4500</leader>
  <controlfield tag="001">78739</controlfield>
  <controlfield tag="003">BD-RjUL</controlfield>
  <controlfield tag="005">20211209083152.0</controlfield>
  <controlfield tag="008">211110s1952    ir ||||| |||| 00| 0 per d</controlfield>
  <datafield tag="035" ind1=" " ind2=" ">
    <subfield code="a">(BD-RjUL)78965</subfield>
  </datafield>
  <datafield tag="040" ind1=" " ind2=" ">
    <subfield code="a">BD-RjUL</subfield>
    <subfield code="b">eng</subfield>
    <subfield code="c">BD-RjUL</subfield>
  </datafield>
  <datafield tag="041" ind1=" " ind2=" ">
    <subfield code="a">per</subfield>
  </datafield>
  <datafield tag="082" ind1=" " ind2=" ">
    <subfield code="2">23</subfield>
    <subfield code="a">891.551</subfield>
    <subfield code="b">HAF  1952</subfield>
  </datafield>
  <datafield tag="100" ind1=" " ind2=" ">
    <subfield code="a"> Mu&#x1E25;ammad &#x1E24;uq&#x16B;q&#x12B;; Fur&#x16B;gh Farrukhz&#x101;d  ;; &#x627;&#x632; &#x645;&#x62D;&#x645;&#x62F; &#x62D;&#x642;&#x648;&#x642;&#x64A;</subfield>
    <subfield code="9">249808</subfield>
  </datafield>
  <datafield tag="245" ind1="1" ind2="0">
    <subfield code="a">&#x641;&#x631;&#x648;&#x63A; &#x641;&#x631;&#x62E;&#x632;&#x627;&#x62F; : &#x634;&#x639;&#x631; &#x641;&#x631;&#x648;&#x63A; &#x641;&#x631;&#x62E;&#x632;&#x627;&#x62F; &#x627;&#x632; &#x622;&#x63A;&#x627;&#x632; &#x62A;&#x627; &#x627;&#x645;&#x631;&#x648;&#x632; : &#x634;&#x639;&#x631;&#x647;&#x627;&#x64A; &#x628;&#x631;&#x6AF;&#x632;&#x64A;&#x62F;&#x647; : &#x62A;&#x641;&#x633;&#x64A;&#x631; &#x648; &#x62A;&#x62D;&#x644;&#x64A;&#x644; &#x645;&#x648;&#x641;&#x642; &#x62A;&#x631;&#x64A;&#x646; &#x634;&#x639;&#x631;&#x647;&#x627; ;;  Fur&#x16B;gh Farrukhz&#x101;d : shi&#x2BB;r-i Fur&#x16B;gh Farrukhz&#x101;d az &#x101;gh&#x101;z t&#x101; imr&#x16B;z : shi&#x2BB;rh&#x101;-yi barguz&#x12B;dah : tafs&#x12B;r va ta&#x1E25;l&#x12B;l-i muvaffaq&#x2B9;tar&#x12B;n-i shi&#x2BB;rh&#x101; /</subfield>
    <subfield code="c">&#x645;&#x62D;&#x645;&#x62F; &#x62D;&#x642;&#x648;&#x642;&#x64A;. &#x627;&#x632; &#x645;&#x62D;&#x645;&#x62F; &#x62D;&#x642;&#x648;&#x642;&#x64A;  ;; </subfield>
  </datafield>
  <datafield tag="490" ind1=" " ind2=" ">
    <subfield code="a">Shi&#x2BB;r-i zam&#x101;n-i m&#x101;,;</subfield>
    <subfield code="v"> 4</subfield>
  </datafield>
  <datafield tag="650" ind1=" " ind2=" ">
    <subfield code="a">Farrukhz&#x101;d, Fur&#x16B;gh </subfield>
    <subfield code="v">Criticism and interpretation.</subfield>
    <subfield code="9">249809</subfield>
  </datafield>
  <datafield tag="700" ind1=" " ind2=" ">
    <subfield code="a"> Farrukhz&#x101;d, Fur&#x16B;gh. </subfield>
    <subfield code="9">249814</subfield>
  </datafield>
  <datafield tag="942" ind1=" " ind2=" ">
    <subfield code="2">ddc</subfield>
    <subfield code="c">BK</subfield>
  </datafield>
  <datafield tag="999" ind1=" " ind2=" ">
    <subfield code="c">78739</subfield>
    <subfield code="d">78739</subfield>
  </datafield>
  <datafield tag="952" ind1=" " ind2=" ">
    <subfield code="0">0</subfield>
    <subfield code="1">0</subfield>
    <subfield code="2">ddc</subfield>
    <subfield code="4">0</subfield>
    <subfield code="7">1</subfield>
    <subfield code="8">NFIC</subfield>
    <subfield code="a">RUCL</subfield>
    <subfield code="b">RUCL</subfield>
    <subfield code="c">Reading</subfield>
    <subfield code="d">2007-07-11</subfield>
    <subfield code="e">paragon</subfield>
    <subfield code="g">4.00</subfield>
    <subfield code="l">0</subfield>
    <subfield code="o">F 891.551 HAF 1952</subfield>
    <subfield code="r">2021-11-10 00:00:00</subfield>
    <subfield code="t">C-1</subfield>
    <subfield code="w">2021-11-10</subfield>
    <subfield code="y">BK</subfield>
  </datafield>
</record>
